000 00951nam a22002417a 4500
001 47652
003 BD-RjUL
005 20211209054348.0
008 160809s1994 bg ||||| |||| 00| 0 ben d
020 _a9840730843
_c: TK 100.00
035 _a(BD-RjUL)47771
040 _aBD-RjUL
_bben
_cBD-RjUL
041 _aben
082 _223
_a636.0896
_bAKB 1994
100 _aআখতার, শিরীন
_9144803
245 1 0 _aবাংলাদেশের জুনোটিক রোগ ও মেরুদন্ডী প্রাণী /
_cশিরীন আখতার
260 _aঢাকা :
_bবাংলা একাডেমী,
_c১৯৯৪
300 _a[১০], ২৪৪ পৃ. :
_bচিত্র ;
_c২১ সেমি.
650 _aসংক্রামক রোগ
_9144800
650 _aViral Diseases
_9144801
700 _aআহমেদ, তৌহিদ উদ্দিন
_9144804
942 _2ddc
_cBK
999 _c47652
_d47652